[Event "Verona-chT Serie A2/3 51st"]
[Site "Verona"]
[Date "2019.03.17"]
[Round "5.1"]
[White "Cardarelli, Angelo"]
[Black "Paler, Adrian"]
[Result "1/2-1/2"]
[WhiteElo "1974"]
[BlackElo "2162"]
[PlyCount "113"]
[EventDate "2019.03.15"]
[EventType "team-tourn"]
[EventRounds "5"]
[EventCountry "ITA"]
[SourceTitle "EXT 2022"]
[Source "ChessBase"]
[SourceDate "2021.10.06"]
[SourceVersion "1"]
[SourceVersionDate "2021.10.06"]
[SourceQuality "1"]
[WhiteTeam "Valbelluna"]
[BlackTeam "Verona Battinelli"]
[WhiteTeamCountry "ITA"]
[BlackTeamCountry "ITA"]

1. d4 d5 2. c4 e6 3. Nc3 c6 4. cxd5 exd5 5. Qc2 g6 6. Bf4 Nf6 7. e3 Bf5 8. Bd3 Bxd3 9. Qxd3 Bd6 10. Nge2 0-0 11. 0-0 Re8 12. Rae1 Ne4 13. f3 Bxf4 14. fxe4 dxe4 15. Nxe4 Bxh2+ 16. Kxh2 Qh4+ 17. Kg1 Qxe4 18. Qxe4 Rxe4 19. Nc3 Re6 20. e4 Nd7 21. Re2 Rae8 22. Ref2 f6 23. b4 Rd6 24. Rd1 Kg7 25. g4 h6 26. Kg2 Nb6 27. Kf3 Red8 28. Ne2 Nc4 29. Rc1 b5 30. Rc2 Re6 31. a4 a6 32. Rf1 Re7 33. Rh1 Red7 34. Ra1 Kh7 35. Rh1 g5 36. Rhc1 Rxd4 37. Nxd4 Rxd4 38. a5 Ne5+ 39. Ke3 Rxb4 40. Rxc6 Nxc6 41. Rxc6 Kg7 42. Rxa6 Ra4 43. Ra7+ Kg6 44. a6 h5 45. gxh5+ Kxh5 46. Rb7 Rxa6 47. Rxb5 Ra3+ 48. Kf2 Kg4 49. Rf5 Ra6 50. Kg2 Re6 51. Rf2 Rxe4 52. Rxf6 Re2+ 53. Kf1 Ra2 54. Rb6 Kh4 55. Rb3 g4 56. Kg1 g3 57. Rb8 1/2-1/2

[Event "Verona-chT Serie A2/3 51st"]
[Site "Verona"]
[Date "2019.03.17"]
[Round "4.1"]
[White "Paler, Adrian"]
[Black "Palma, Andrea"]
[Result "1-0"]
[WhiteElo "2162"]
[BlackElo "1915"]
[PlyCount "67"]
[EventDate "2019.03.15"]
[EventType "team-tourn"]
[EventRounds "5"]
[EventCountry "ITA"]
[SourceTitle "EXT 2022"]
[Source "ChessBase"]
[SourceDate "2021.10.06"]
[SourceVersion "1"]
[SourceVersionDate "2021.10.06"]
[SourceQuality "1"]
[WhiteTeam "Verona Battinelli"]
[BlackTeam "Udine CUS"]
[WhiteTeamCountry "ITA"]
[BlackTeamCountry "ITA"]

1. e4 d5 2. exd5 Qxd5 3. Nf3 Bg4 4. Be2 Nc6 5. h3 Bxf3 6. Bxf3 Qe5+ 7. Qe2 Qxe2+ 8. Bxe2 Nd4 9. Bd1 e5 10. c3 Nc6 11. Bf3 Nge7 12. a4 f5 13. b4 e4 14. Be2 0-0-0 15. Na3 Nd5 16. g3 g6 17. Nc4 Bg7 18. Rb1 f4 19. 0-0 Kb8 20. Bb2 Rhe8 21. a5 e3 22. fxe3 fxe3 23. d4 Rf8 24. Kg2 Ndxb4 25. cxb4 Nxb4 26. Rxf8 Rxf8 27. Nxe3 Re8 28. Kf2 Bh6 29. Ng4 Bg7 30. Ne5 Nc2 31. a6 Re6 32. Nd7+ Kc8 33. axb7+ Kxb7 34. Nc5+ 1-0

[Event "Verona-chT Serie A2/3 51st"]
[Site "Verona"]
[Date "2019.03.16"]
[Round "3.1"]
[White "De Poi, Paolo"]
[Black "Paler, Adrian"]
[Result "1/2-1/2"]
[WhiteElo "2172"]
[BlackElo "2162"]
[PlyCount "41"]
[EventDate "2019.03.15"]
[EventType "team-tourn"]
[EventRounds "5"]
[EventCountry "ITA"]
[SourceTitle "EXT 2022"]
[Source "ChessBase"]
[SourceDate "2021.10.06"]
[SourceVersion "1"]
[SourceVersionDate "2021.10.06"]
[SourceQuality "1"]
[WhiteTeam "Udine DLF"]
[BlackTeam "Verona Battinelli"]
[WhiteTeamCountry "ITA"]
[BlackTeamCountry "ITA"]

1. e4 c5 2. Nf3 d6 3. Bb5+ Nd7 4. 0-0 a6 5. Bxd7+ Bxd7 6. Re1 e5 7. c4 Nf6 8. d3 Be7 9. Bg5 h6 10. Bxf6 Bxf6 11. Nc3 g6 12. Nd5 Bg7 13. Qb3 b5 14. a3 0-0 15. Nd2 Bc6 16. h3 Kh7 17. Qc2 Rc8 18. Rf1 Qh4 19. Nf3 Qd8 20. Nd2 Qh4 21. Nf3 1/2-1/2

[Event "Verona-chT Serie A2/3 51st"]
[Site "Verona"]
[Date "2019.03.15"]
[Round "1.1"]
[White "Luciani, Carlo"]
[Black "Paler, Adrian"]
[Result "1-0"]
[WhiteElo "2194"]
[BlackElo "2162"]
[PlyCount "83"]
[EventDate "2019.03.15"]
[EventType "team-tourn"]
[EventRounds "5"]
[EventCountry "ITA"]
[SourceTitle "EXT 2022"]
[Source "ChessBase"]
[SourceDate "2021.10.06"]
[SourceVersion "1"]
[SourceVersionDate "2021.10.06"]
[SourceQuality "1"]
[WhiteTeam "Maniago"]
[BlackTeam "Verona Battinelli"]
[WhiteTeamCountry "ITA"]
[BlackTeamCountry "ITA"]

1. e4 c5 2. Nf3 d6 3. d4 cxd4 4. Nxd4 Nf6 5. Nc3 a6 6. h3 e6 7. g4 h6 8. Bg2 Qc7 9. h4 Nc6 10. g5 hxg5 11. hxg5 Rxh1+ 12. Bxh1 Nxd4 13. Qxd4 Ng4 14. f4 e5 15. Qg1 exf4 16. Bxf4 Be6 17. 0-0-0 0-0-0 18. Qa7 Qc5 19. Qxc5+ dxc5 20. Rxd8+ Kxd8 21. Nd5 Nf2 22. Bg2 Bh3 23. Bxh3 Nxh3 24. Be3 Be7 25. Nxe7 Kxe7 26. Kd2 Ke6 27. Kd3 Kd6 28. a3 f6 29. g6 b5 30. b4 c4+ 31. Kd4 Ng5 32. Bf4+ Ke6 33. Kc5 Nxe4+ 34. Kb6 Kd7 35. Kxa6 Kc6 36. Bh6 Nd6 37. Bxg7 Ne8 38. Bf8 f5 39. g7 Nf6 40. Be7 Ng8 41. Bg5 c3 42. Ka5 1-0

[Event "Verona op-A"]
[Site "Verona"]
[Date "2019.01.03"]
[Round "3"]
[White "Paler, Adrian"]
[Black "Dobboletta, Alex"]
[Result "1-0"]
[WhiteElo "2151"]
[BlackElo "2123"]
[PlyCount "89"]
[EventDate "2019.01.02"]
[EventType "swiss"]
[EventRounds "7"]
[EventCountry "ITA"]
[SourceTitle "CBM 188 Extra"]
[Source "ChessBase"]
[SourceDate "2019.02.28"]
[SourceVersion "1"]
[SourceVersionDate "2019.02.28"]
[SourceQuality "1"]

1. e4 e6 2. d4 d5 3. Nd2 Be7 4. e5 c5 5. Qg4 Kf8 6. dxc5 Nc6 7. Qg3 f6 8. exf6 Nxf6 9. Ngf3 Bxc5 10. c3 Qd6 11. Nb3 Qxg3 12. hxg3 Bb6 13. Bb5 Ng4 14. 0-0 Bd7 15. Bf4 Re8 16. Rae1 Nce5 17. Nxe5 Nxe5 18. Bxd7 Nxd7 19. Be3 e5 20. Rd1 Nf6 21. Bxb6 axb6 22. Nd2 Ke7 23. Rfe1 Ke6 24. c4 d4 25. f4 Kf5 26. Rxe5+ Rxe5 27. fxe5 Ng4 28. Nf3 Nxe5 29. Rxd4 Re8 30. Rf4+ Kg6 31. Nxe5+ Rxe5 32. Kf2 b5 33. a3 bxc4 34. Rxc4 Re7 35. a4 Kf5 36. Kf3 Rd7 37. Ke3 Ke5 38. Re4+ Kf5 39. a5 Rd1 40. g4+ Kg5 41. b4 Kf6 42. Rd4 Rb1 43. Rd6+ Kg5 44. Rb6 Kxg4 45. Rxb7 1-0

[Event "Verona op-A"]
[Site "Verona"]
[Date "2017.01.04"]
[Round "4"]
[White "Paler, Adrian"]
[Black "Gennari, Jacopo"]
[Result "1-0"]
[WhiteElo "2074"]
[BlackElo "2123"]
[PlyCount "93"]
[EventDate "2017.01.02"]
[EventType "swiss"]
[EventRounds "7"]
[EventCountry "ITA"]
[SourceTitle "CBM 176 Extra"]
[Source "ChessBase"]
[SourceDate "2017.03.02"]
[SourceVersion "1"]
[SourceVersionDate "2017.03.02"]
[SourceQuality "1"]

1. e4 e6 2. d4 d5 3. Nd2 c5 4. Ngf3 Nc6 5. exd5 Qxd5 6. Bc4 Qd8 7. dxc5 Bxc5 8. Qe2 Nf6 9. 0-0 0-0 10. Ne4 Nd4 11. Nxd4 Qxd4 12. Nxc5 Qxc5 13. Be3 Qc7 14. Bg5 Nd5 15. Rad1 Nb6 16. Bd3 Bd7 17. Qh5 g6 18. Qh4 Bc6 19. Bh6 Qd8 20. Qg3 Qf6 21. Bxf8 Rxf8 22. c3 Nd5 23. Rfe1 Nf4 24. Be4 Bb5 25. Qe3 b6 26. b3 e5 27. c4 Ba6 28. Rd7 Bc8 29. Rxa7 Rd8 30. Ra8 Kg7 31. Kh1 Qe6 32. Bf3 Nd3 33. Rf1 e4 34. Be2 Qe7 35. Rxc8 Rxc8 36. Bxd3 Re8 37. Re1 Qb4 38. f3 f5 39. fxe4 fxe4 40. Bxe4 b5 41. cxb5 h6 42. b6 Re5 43. b7 Kf6 44. Qf4+ Rf5 45. Qe3 Re5 46. h3 Ke7 47. a3 1-0

[Event "Verona op-A"]
[Site "Verona"]
[Date "2017.01.03"]
[Round "2"]
[White "Paler, Adrian"]
[Black "Molina, Fabrizio"]
[Result "1/2-1/2"]
[WhiteElo "2074"]
[BlackElo "2216"]
[PlyCount "108"]
[EventDate "2017.01.02"]
[EventType "swiss"]
[EventRounds "7"]
[EventCountry "ITA"]
[SourceTitle "CBM 176 Extra"]
[Source "ChessBase"]
[SourceDate "2017.03.02"]
[SourceVersion "1"]
[SourceVersionDate "2017.03.02"]
[SourceQuality "1"]

1. e4 e5 2. Nf3 Nc6 3. Bb5 a6 4. Bxc6 dxc6 5. 0-0 Qf6 6. d4 exd4 7. Bg5 Qg6 8. Qxd4 Be6 9. Rd1 Bd6 10. Nbd2 f6 11. Bh4 c5 12. Qc3 Ne7 13. Nc4 Bf4 14. Ncd2 b6 15. Bg3 Bxg3 16. hxg3 Nc6 17. a3 0-0 18. b4 Rad8 19. bxc5 b5 20. Qe3 Rfe8 21. Qf4 Rd7 22. Nb3 Red8 23. Rxd7 Rxd7 24. Qe3 Qh5 25. Re1 Bc4 26. Qc3 h6 27. a4 Kh7 28. axb5 axb5 29. e5 fxe5 30. Nxe5 Nxe5 31. Qxe5 Qg6 32. Qe8 Qxe8 33. Rxe8 Rd1+ 34. Kh2 Rd5 35. Re3 Bxb3 36. cxb3 Rxc5 37. g4 Kg6 38. Kg3 Kf6 39. f4 b4 40. Kf3 Rc2 41. g3 c5 42. Ke4 c4 43. Kd4 c3 44. Kc4 Rg2 45. Kxb4 c2 46. Rc3 Rxg3 47. Rc6+ Ke7 48. Rxc2 Rxg4 49. Rf2 g5 50. Kc5 Rxf4 51. Rxf4 gxf4 52. Kd4 Kf6 53. b4 h5 54. Ke4 Ke6 1/2-1/2

[Event "Basso Veronese op 7th"]
[Site "Casaleone"]
[Date "2014.05.18"]
[Round "5"]
[White "Bertani, Gianfranco"]
[Black "Paler, Adrian"]
[Result "1/2-1/2"]
[WhiteElo "2048"]
[BlackElo "2012"]
[PlyCount "59"]
[EventDate "2014.05.16"]
[EventType "swiss"]
[EventRounds "5"]
[EventCountry "ITA"]
[SourceTitle "EXT 2015"]
[Source "ChessBase"]
[SourceDate "2014.11.20"]
[SourceVersion "1"]
[SourceVersionDate "2014.11.20"]
[SourceQuality "1"]

1. d4 d5 2. e3 Nf6 3. Bd3 c6 4. f4 Bg4 5. Nf3 e6 6. 0-0 Nbd7 7. Nbd2 Bh5 8. Qe2 Bd6 9. b3 Qe7 10. a4 0-0 11. Bb2 Rfe8 12. Qe1 Nf8 13. Ne5 N6d7 14. e4 f6 15. Qh4 fxe5 16. Qxh5 exd4 17. e5 Bb4 18. Nf3 Bc3 19. Bxc3 dxc3 20. Rae1 Nc5 21. f5 Nxd3 22. f6 Qf7 23. Qg4 Nxe1 24. Ng5 Qg6 25. h4 Nxc2 26. f7+ Kh8 27. fxe8Q Rxe8 28. h5 Qd3 29. Nf7+ Kg8 30. Nh6+ 1/2-1/2

[Event "Basso Veronese op 7th"]
[Site "Casaleone"]
[Date "2014.05.17"]
[Round "3"]
[White "Paler, Adrian"]
[Black "Omeri, Silvan"]
[Result "1/2-1/2"]
[WhiteElo "2012"]
[BlackElo "2186"]
[PlyCount "102"]
[EventDate "2014.05.16"]
[EventType "swiss"]
[EventRounds "5"]
[EventCountry "ITA"]
[SourceTitle "EXT 2015"]
[Source "ChessBase"]
[SourceDate "2014.11.20"]
[SourceVersion "1"]
[SourceVersionDate "2014.11.20"]
[SourceQuality "1"]

1. e4 c5 2. Nf3 d6 3. d4 cxd4 4. Nxd4 Nf6 5. Nc3 g6 6. Be3 a6 7. f3 Qc7 8. Qd2 Nbd7 9. Bh6 Bxh6 10. Qxh6 b5 11. Qd2 Bb7 12. Bd3 0-0 13. 0-0 Qb6 14. Qf2 Ne5 15. Kh1 Rac8 16. Rad1 b4 17. Nce2 Nxd3 18. cxd3 e5 19. Nb3 Qxf2 20. Rxf2 Rc2 21. Rd2 Rxd2 22. Nxd2 d5 23. Rf1 Rd8 24. Nb3 dxe4 25. dxe4 Bc6 26. Kg1 Bb5 27. Re1 Ne8 28. Kf2 Nc7 29. Rc1 Ne6 30. Ke1 Rd3 31. Rc2 h5 32. Rd2 h4 33. Rxd3 Bxd3 34. Nbc1 Bb5 35. Kf2 Kg7 36. Ke3 f6 37. g3 g5 38. a3 bxa3 39. bxa3 Nc5 40. Nc3 hxg3 41. hxg3 Bc4 42. f4 g4 43. fxe5 fxe5 44. Nd5 Kf7 45. Nb4 Ke6 46. Ncd3 Nxd3 47. Nxd3 Kd6 48. Nf2 Be6 49. Kd3 a5 50. Kc3 Kc5 51. Nd3+ Kd6 1/2-1/2

[Event "Basso Veronese op 6th"]
[Site "Casaleone"]
[Date "2013.05.19"]
[Round "5"]
[White "Pisani, Valerio"]
[Black "Paler, Adrian"]
[Result "0-1"]
[WhiteElo "1721"]
[BlackElo "1974"]
[PlyCount "82"]
[EventDate "2013.05.17"]
[EventType "swiss"]
[EventRounds "5"]
[EventCountry "ITA"]
[SourceTitle "EXT 2014"]
[Source "ChessBase"]
[SourceDate "2013.11.20"]
[SourceVersion "1"]
[SourceVersionDate "2013.11.20"]
[SourceQuality "1"]

1. Nc3 e5 2. e4 d6 3. Bc4 Nf6 4. h3 g6 5. d3 Bg7 6. Bg5 h6 7. Be3 0-0 8. Qd2 Kh7 9. Nf3 Nc6 10. g4 Ng8 11. a3 Be6 12. g5 h5 13. h4 Nd4 14. Bxd4 exd4 15. Ne2 Bxc4 16. dxc4 Re8 17. Qd3 Qe7 18. Ng3 Qe6 19. 0-0-0 c5 20. Rdf1 b5 21. Nd2 bxc4 22. Qxc4 Ne7 23. Qxe6 fxe6 24. Nc4 Rad8 25. f4 Rf8 26. Rf2 d5 27. Nd2 Rf7 28. e5 Nc6 29. Rhf1 a5 30. Nb3 Bf8 31. Ne2 a4 32. Nd2 c4 33. Kb1 Bc5 34. Rf3 Rb8 35. Ka2 Kg7 36. Nc1 Rfb7 37. b4 axb3+ 38. cxb3 d3 39. Nb1 Nd4 40. R3f2 Nxb3 41. Nxd3 cxd3 0-1

[Event "Basso Veronese op 6th"]
[Site "Casaleone"]
[Date "2013.05.18"]
[Round "2"]
[White "Paler, Adrian"]
[Black "Belloni, Umberto"]
[Result "1-0"]
[WhiteElo "1974"]
[BlackElo "1814"]
[PlyCount "133"]
[EventDate "2013.05.17"]
[EventType "swiss"]
[EventRounds "5"]
[EventCountry "ITA"]
[SourceTitle "EXT 2014"]
[Source "ChessBase"]
[SourceDate "2013.11.20"]
[SourceVersion "1"]
[SourceVersionDate "2013.11.20"]
[SourceQuality "1"]

1. e4 e6 2. d4 d5 3. Nd2 dxe4 4. Nxe4 Nf6 5. Nxf6+ gxf6 6. Nf3 c5 7. c3 Nc6 8. Bd3 cxd4 9. cxd4 Nb4 10. Be4 f5 11. Bb1 Bd6 12. Bg5 f6 13. Bh4 Nd5 14. 0-0 0-0 15. Re1 Kh8 16. g3 Ne7 17. a3 Nd5 18. Ba2 Be7 19. Rc1 Qd6 20. Nd2 b5 21. Qe2 Qd7 22. Nb3 a6 23. Nc5 Bxc5 24. dxc5 Qc6 25. Qf3 Bb7 26. Rcd1 Rad8 27. Bxd5 Rxd5 28. Rxd5 Qxd5 29. Qxd5 Bxd5 30. h3 Kg7 31. g4 fxg4 32. hxg4 Kf7 33. Kh2 Rc8 34. b4 Ra8 35. Rd1 a5 36. f4 axb4 37. axb4 Ra2+ 38. Kh3 Ra3+ 39. Bg3 Rb3 40. Rd4 Rc3 41. f5 Rc1 42. Bh2 Rc2 43. Bg3 Rc3 44. Kh4 Rc1 45. Bf2 Rh1+ 46. Kg3 h5 47. gxh5 Rxh5 48. fxe6+ Kxe6 49. Be3 Rf5 50. Bf4 Rh5 51. c6 Rh8 52. c7 Rg8+ 53. Kf2 Ra8 54. Ke3 Ra3+ 55. Kd2 Ra2+ 56. Kc3 Ra3+ 57. Kb2 Ra2+ 58. Kb1 Ra8 59. Rd2 Be4+ 60. Kb2 Bd5 61. Kc3 Rh8 62. Kd4 Bb7 63. Kc5 Rh5+ 64. Kb6 Bc8 65. Rd8 Bd7 66. Kb7 Rh4 67. Rxd7 1-0

[Event "Basso Veronese op 5th"]
[Site "Casaleone"]
[Date "2012.05.??"]
[Round "1"]
[White "Adami, Antonio"]
[Black "Paler, Adrian"]
[Result "0-1"]
[WhiteElo "1717"]
[BlackElo "1901"]
[PlyCount "72"]
[EventDate "2012.05.19"]
[EventType "swiss"]
[EventRounds "6"]
[EventCountry "ITA"]
[SourceTitle "EXT 2014"]
[Source "ChessBase"]
[SourceDate "2013.11.20"]
[SourceVersion "1"]
[SourceVersionDate "2013.11.20"]
[SourceQuality "1"]

1. e4 c5 2. Nc3 Nc6 3. g3 g6 4. Bg2 Bg7 5. d3 d6 6. Be3 e6 7. Qd2 Nd4 8. Nd1 h6 9. c3 Nc6 10. Ne2 Nge7 11. 0-0 b6 12. f4 Qc7 13. h3 f5 14. Nf2 Ba6 15. Rad1 Rd8 16. Qc2 0-0 17. g4 Kh7 18. Ng3 fxe4 19. Ngxe4 Nd5 20. Qc1 Nxe3 21. Qxe3 Rde8 22. Nh1 d5 23. Neg3 Bb7 24. Qd2 Qd6 25. Rde1 Bf6 26. f5 gxf5 27. gxf5 Be5 28. Rf3 Bc8 29. Qf2 exf5 30. Nxf5 Bh2+ 31. Kf1 Rxe1+ 32. Kxe1 Qe5+ 33. Ne3 Bf4 34. Qe2 Re8 35. Rxf4 Qxf4 36. Bxd5 Rxe3 0-1

[Event "Basso Veronese op 5th"]
[Site "Casaleone"]
[Date "2012.05.??"]
[Round "4"]
[White "Paler, Adrian"]
[Black "Bozzi, Gianni Moritz"]
[Result "1-0"]
[WhiteElo "1901"]
[BlackElo "2190"]
[PlyCount "95"]
[EventDate "2012.05.19"]
[EventType "swiss"]
[EventRounds "6"]
[EventCountry "ITA"]
[SourceTitle "EXT 2014"]
[Source "ChessBase"]
[SourceDate "2013.11.20"]
[SourceVersion "1"]
[SourceVersionDate "2013.11.20"]
[SourceQuality "1"]

1. e4 Nf6 2. e5 Nd5 3. d4 d6 4. c4 Nb6 5. exd6 cxd6 6. Nc3 g6 7. Be3 Bg7 8. Rc1 Nc6 9. Be2 0-0 10. Nf3 Bg4 11. b3 d5 12. c5 Nc8 13. h3 Bxf3 14. Bxf3 e6 15. 0-0 N8e7 16. Ne2 Nf5 17. Bg4 Nxe3 18. fxe3 f5 19. Bf3 Bh6 20. Qd2 Qf6 21. Rcd1 Rad8 22. Nf4 g5 23. Nh5 Qe7 24. g4 Kh8 25. b4 Qc7 26. a3 Ne7 27. Qh2 Qxh2+ 28. Kxh2 Nc6 29. Kg2 Bg7 30. Rd2 Kg8 31. Nxg7 Kxg7 32. Bd1 Ne7 33. Rdf2 Ng6 34. Bc2 fxg4 35. hxg4 Rxf2+ 36. Rxf2 Rh8 37. Bxg6 Kxg6 38. b5 Rc8 39. a4 Rc7 40. Rf8 e5 41. Rd8 exd4 42. exd4 Re7 43. Rxd5 Re2+ 44. Kf3 Ra2 45. Rd6+ Kf7 46. Rd7+ Ke6 47. Rxb7 Rxa4 48. Ke4 1-0

[Event "Vicenza op 8th"]
[Site "Vicenza"]
[Date "2004.10.09"]
[Round "4"]
[White "Bdair, Bilal"]
[Black "Paler, Adrian"]
[Result "1-0"]
[WhiteElo "2004"]
[BlackElo "1942"]
[PlyCount "117"]
[EventDate "2004.10.02"]
[EventType "swiss"]
[EventRounds "6"]
[EventCountry "ITA"]
[SourceTitle "EXT 2009"]
[Source "ChessBase"]
[SourceDate "2008.11.26"]
[SourceVersion "1"]
[SourceVersionDate "2008.11.26"]
[SourceQuality "1"]

1. d4 Nf6 2. c4 e6 3. Nc3 d5 4. cxd5 exd5 5. Bg5 c6 6. Qc2 Bd6 7. e3 0-0 8. Bd3 h6 9. Bh4 Re8 10. Nge2 Nbd7 11. g4 Qa5 12. g5 hxg5 13. Bxg5 Ne4 14. Bxe4 dxe4 15. h4 Nb6 16. 0-0-0 Bg4 17. Rdg1 Bf3 18. Rh3 Qf5 19. Nf4 Qa5 20. Bh6 Bf8 21. Bxg7 Bxg7 22. Rhg3 Kh8 23. Rxg7 Rg8 24. R7g5 Rxg5 25. Rxg5 Qb4 26. Qb3 Qxb3 27. axb3 Nd7 28. b4 Rg8 29. Rg3 Nf6 30. Kd2 Kh7 31. Ke1 Rg4 32. Rxg4 Bxg4 33. b5 Bd7 34. bxc6 Bxc6 35. d5 Bd7 36. Nfe2 Kg6 37. Ng3 Bf5 38. d6 a6 39. Ncxe4 Bxe4 40. Nxe4 Nd7 41. b4 b6 42. Kd2 Kh5 43. Kd3 Kxh4 44. Kd4 f5 45. Nc3 Kg5 46. Kd5 Kf6 47. Kc6 Ke6 48. Na4 a5 49. b5 Ne5+ 50. Kxb6 Kxd6 51. Kxa5 Nd3 52. b6 Kc6 53. Ka6 Nb4+ 54. Ka7 Kb5 55. Nc3+ Kc4 56. b7 Kxc3 57. Kb6 Nd5+ 58. Kc6 Nb4+ 59. Kb5 1-0